Ιστορία της ροκ σε σκίτσα

Saved in:
Bibliographic Details
Other Authors: Dutfoy, Serge (Illustrator), Sadler, Michael (Screenwriter)
Format: Book
Language:Greek
French
Published: Αθήνα : Γράμματα, 1985.
Subjects:
Tags: Add Tag
No Tags, Be the first to tag this record!

MARC

LEADER 00000cam a2200000 i 4500
001 1/75616
008 960730s1985 gr | ||| |||| ||gre||
035 |a 1987  |c Αγορά  |l 10032172 
040 |a GR-MyUa   |b gre   |e AACR2  
041 1 |a gre  |h fre 
082 7 |a 784.5400207   |2 (22)  
245 1 0 |a Ιστορία της ροκ σε σκίτσα /   |c σκίτσα: Serge Dutfou ; σενάριο, κείμενα: Michael Sadler ; ειδική σύμβουλος: Dominique Farran ; μετάφραση: Ιζαμπέλα Σασλόγλου ; λέτερινγ: Ηλίας Σάλαρης.  
260 |a Αθήνα :   |b Γράμματα,   |c 1985.  
300 |a 103 σ :   |b εικ. ;   |c 28 εκ.  
500 |a Τίτλος πρωτοτύπου: Histoire du rock.  
650 0 |a Rock music  |x History  |x Juvenile literature. 
650 0 |a Rock music  |x Caricatures and cartoons. 
700 1 |a Dutfoy, Serge,  |e ill 
700 1 |a Sadler, Michael,  |e aus 
852 |a INST  |b RHODES  |e 19960730  |h 784.5400207 ΙΣΤ  |p 005400000596  |q 005400000596  |t BK  |y 0 
970 |z 1996/07/30